| 000 | 00731nam a2200217Ia 4500 | ||
|---|---|---|---|
| 003 | OSt | ||
| 005 | 20220128105816.0 | ||
| 008 | 210716s2004 xx 000 0 und d | ||
| 020 | _a8129706008 | ||
| 040 | _cAIMIT LIBRARY | ||
| 041 | _aeng | ||
| 082 |
_a332.17 _21st _bFISS |
||
| 100 |
_aFischer, Stanley. _915028 |
||
| 245 |
_aIMF Essays from a time of crisis: _binternational financial system stabilization and development / _cBy Stanley Fischer |
||
| 250 | _a1st ed. | ||
| 260 |
_aNew Delhi: _bPearson Education, _c2004. |
||
| 300 |
_axiv,535p. _c23cm. |
||
| 650 |
_aRole of the IMF and reform of the International Financial System _915029 |
||
| 650 |
_aIMF and the Asian Crisis _915030 |
||
| 942 |
_2ddc _cBK _e1st _k332.17 FISS |
||
| 999 |
_c199269 _d199269 |
||